000
00263nam a2200109Ia 4500
008
240625s9999 xx 000 0 und d
041
_a
eng
082
_a
332.6323 FAB
100
_a
FABOZZI FRANK J
245
_a
BOND MARKETS ANALYSIS AND STRATEGIES
260
_c
2015
999
_c
39022
_d
39022